Every Song by Badfinger - Statistics

General Stats
  • This quiz has been taken 27 times
    24 since last reset
  • The average score is 11 of 130
Answer Stats
Album Song % Correct
Straight Up(1971) Baby Blue
89%
Straight Up(1971) Day After Day
63%
No Dice(1970) Without You
63%
Maybe Tomorrow(1969) Maybe Tomorrow
53%
Maybe Tomorrow(1969) Dear Angie
42%
No Dice(1970) No Matter What
37%
Ass(1973) Apple of My Eye
32%
Magic Christian Music(1970) Carry on Till Tomorrow
32%
Magic Christian Music(1970) Crimson Ship
32%
Airwaves(1979) Airwaves
26%
Straight Up(1971) Suitcase
26%
No Dice(1970) Believe Me
21%
Straight Up(1971) I'd Die Babe
21%
Straight Up(1971) Sweet Tuesday Morning
21%
Straight Up(1971) Take It All
21%
Maybe Tomorrow(1969) Fisherman
16%
Straight Up(1971) Flying
16%
No Dice(1970) I Can't Take It
16%
Ass(1973) Icicles
16%
Wish You Were Here(1974) In the Meantime/Some Other Time
16%
Straight Up(1971) It's Over
16%
Straight Up(1971) Money
16%
Straight Up(1971) Name of the Game
16%
Badfinger(1974) Shine On
16%
Ass(1973) The Winner
16%
Ass(1973) Timeless
16%
Magic Christian Music(1970) Walk Out in the Rain
16%
No Dice(1970) Watford John
16%
Maybe Tomorrow(1969) Beautiful and Blue
11%
No Dice(1970) Better Days
11%
Ass(1973) Blind Owl
11%
Ass(1973) Constitution
11%
Wish You Were Here(1974) Dennis
11%
Ass(1973) Get Away
11%
Magic Christian Music(1970) Give It a Try
11%
No Dice(Bonus)(1970) I'll Be the One
11%
Maybe Tomorrow(1969) I'm in Love
11%
Wish You Were Here(1974) Just a Chance
11%
No Dice(1970) Love Me Do
11%
Wish You Were Here(1974) Meanwhile Back at the Ranch/Should I Smoke
11%
No Dice(1970) Midnight Caller
11%
Magic Christian Music(1970) Midnight Sun
11%
Straight Up(1971) Perfection
11%
Say No More(1981) Rock 'N' Roll Contract
11%
Magic Christian Music(1970) Rock of All Ages
11%
Ass(1973) When I Say
11%
Maybe Tomorrow(1969) Angelique
5%
Magic Christian Music(Bonus)(1970) Arthur
5%
Ass(1973) Comboy
5%
Say No More(1981) Come On
5%
Ass(1973) I Can Love You
5%
Badfinger(1974) I Miss You
5%
Wish You Were Here(1974) King of the Load
5%
Wish You Were Here(1974) Know One Knows
5%
Head First(2000) Lay Me Down
5%
Airwaves(1979) Look Out California
5%
Badfinger(1974) Matted Spam
5%
Head First(2000) Moonshine
5%
Straight Up(1971) Sometimes
5%
Maybe Tomorrow(1969) They're Knocking Down Our Home
5%
Say No More(1981) Three Time Loser
5%
No Dice(1970) We're for the Dark
5%
Badfinger(1974) Why Don't We Talk?
5%
Maybe Tomorrow(1969) And Her Daddy's Her Millionaire
0%
Badfinger(1974) Andy Norris
0%
Head First(2000) Back Again
0%
Say No More(1981) Because I Love You
0%
No Dice(1970) Blodwyn
0%
Airwaves(Bonus)(1979) Can You Feel the Rain
0%
Airwaves(1979) Come Down Hard
0%
Say No More(1981) Crocadillo
0%
Ass(1973) Do You Mind
0%
BBC in Concert 1972–1973(1997) Feelin' Alright
0%
No Dice(Bonus)(1970) Friends are Hard to Find
0%
No Dice(Bonus)(1970) Get Down
0%
Badfinger(1974) Give It Up
0%
Wish You Were Here(1974) Got to Get Out of Here
0%
Head First(2000) Hey, Mr. Manager
0%
Say No More(1981) Hold On
0%
Head First(2000) I Can't Believe In
0%
No Dice(1970) I Don't Mind
0%
Say No More(1981) I Got You
0%
Badfinger(1974) Island
0%
No Dice(1970) It Had to Be
0%
Maybe Tomorrow(1969) I've Been Waiting
0%
Head First(2000) Keep Believing
0%
Head First(2000) Keep Your Country Tidy
0%
Badfinger(1974) Lonely You
0%
Maybe Tomorrow(1969) Looking for My Baby
0%
Airwaves(1979) Lost Inside Your Love
0%
Airwaves(Bonus)(1979) Love Can't Hide
0%
Badfinger(1974) Love is Easy
0%
Airwaves(1979) Love is Gonna Come at Last
0%
Wish You Were Here(1974) Love Time
0%
No Dice(Bonus)(1970) Loving You
0%
No Dice(Bonus)(1970) Mean Mean Jemima
0%
Maybe Tomorrow(1969) Mrs. Jones
0%
Badfinger(1974) My Heart Goes Out
0%
Maybe Tomorrow(1969) No Escaping Your Love
0%
Say No More(1981) No More
0%
Head First(2000) Nothing to Show
0%
Head First(2000) Old Fashioned Notions
0%
Airwaves(Bonus)(1979) One More Time
0%
BBC in Concert 1972–1973(1997) Only You Know and I Know
0%
Head First(2000) Passed Fast
0%
Say No More(1981) Passin' Time
0%
Head First(2000) Queen of Darkness
0%
Head First(2000) Rockin' Machine
0%
Airwaves(1979) Sail Away
0%
Maybe Tomorrow(1969) Sali Bloo
0%
Head First(2000) Saville Row
0%
Maybe Tomorrow(1969) See-Saw Granpa
0%
Airwaves(Bonus)(1979) Send Me Your Love
0%
Head First(2000) Smokin' Gun
0%
Badfinger(1974) Song for a Lost Friend
0%
Airwaves(Bonus)(1979) Steal My Heart
0%
Magic Christian Music(Bonus)(1970) Storm in a Teacup
0%
Airwaves(1979) Sympathy
0%
Head First(2000) Thanks to You All
0%
Airwaves(1979) The Dreamer
0%
Maybe Tomorrow(1969) Think About the Good Times
0%
Head First(2000) Time is Mine
0%
Say No More(1981) Too Hung Up on You
0%
Head First(2000) To Say Goodbye
0%
Head First(2000) Turn Around
0%
Badfinger(1974) Where Do We Go From Here?
0%
Maybe Tomorrow(1969) Yesterday Ain't Coming Back
0%
Head First(2000) You Ask Yourself Why
0%
Wish You Were Here(1974) You're So Fine
0%
No matching quizzes found
Score Distribution
Percent of People with Each Score
Percentile by Number Answered
Your Score History
You have not taken this quiz since the last reset